000 01148nam0a2200289 4500
001 RU\NLR\bibl\1310963
005 20260406110259.0
010 _a978-5-9921-0244-4
_910000
021 _aRU
_b2008-86965
_95076
035 _a(NLR Aleph) 001296416
090 _a591558
_c591558
100 _a20081223d2008 b y0rusy50 ca
101 0 _arus
102 _aRU
105 _aa |||||||||
200 1 _aПочтовые машины
_e[стихи
_eдля детей дошкольного возраста
_eдля чтения взрослыми детям
_fред.: И. Краснобаева
_gхудож.: В. Вахтин]
210 _aМосква
_cЛинг
_cЛинг-книга
_d2008
215 _a[8] с.
_cцв. ил.
_d14
225 1 _aСерия "Фургончики"
225 1 _aЧитаем с мамой
702 1 _4340
_7ca
_8rus
_aКраснобаева
_bИ.
_gИрина
_991277
_3RU\NLR\auth\77108352
702 1 _4040
_7ca
_8rus
_aВахтин
_bВ. Л.
_cхудожник
_gВиктор Л.
_937957
_3RU\NLR\AUTH\7755025
801 0 _aRU
_bNLR
_c20081223
_gRCR
801 1 _aRU
_bNLR
_c20081223
942 _cBOOK
980 _aNB